LS Constituencies of Karnataka - Statistics

General Stats
  • This quiz has been taken 10 times
  • The average score is 11 of 28
Answer Stats
Answer % Correct
Bangalore South
63%
Bellary
63%
Gulbarga
63%
Mysore
63%
Tumkur
63%
Bangalore Rural
50%
Bidar
50%
Chamarajanagar
50%
Dakshina Kannada
50%
Hassan
50%
Kolar
50%
Mandya
50%
Uttara Kannada
50%
Bangalore Central
38%
Bangalore North
38%
Belgaum
38%
Bijapur
38%
Chitradurga
38%
Dharwad
38%
Raichur
38%
Chikballapur
25%
Chikkodi
25%
Davanagere
25%
Haveri
25%
Koppal
25%
Shimogga
25%
Bagakot
0%
Udupi-Chikmagalur
0%
No matching quizzes found
Score Distribution
Percent of People with Each Score
Percentile by Number Answered
Your Score History
You have not taken this quiz